Asian Geography By Letter L - Picture Quiz - Statistics

General Stats
  • This quiz has been taken 437 times
  • The average score is 9 of 18
Answer Stats
Picture Hint Answer % Correct
(country) Lebanon
98%
(animal) Leopard
90%
(currency) Lira
84%
(flower) Lotus
81%
(island) Luzon
70%
(city) Lhasa
69%
(region) Levant
64%
(plant) Lentil
56%
(language) Lao
55%
(city) Lahore
53%
(river) Lena
46%
{Laccadive} Sea
34%
(skyscraper) {Lotte} World Tower
17%
(state) Lakshadweep
16%
(province) Liaoning
16%
(animal) Loris
12%
(currency) Lari
11%
(statue) {Leshan} Giant Buddha
5%
No matching quizzes found
Score Distribution
Percent of People with Each Score
Percentile by Number Answered
Your Score History
You have not taken this quiz